000 00751nam a2200241Ia 4500
003 OSt
005 20220923212256.0
006 a|||||r|||| 00| 0
007 ta
008 220922b |||||||| |||| 00| 0 hin d
024 _a151,960
037 _cTextual
040 _aARTS
_cARTS
_bhin
041 _2hin
_ahin
082 _a/\2y7M74x, 152H9
100 _aविरजानन्द
245 0 _aपरमार्थ प्रसंग
246 _aParamārtha prasanga
260 _c1949
490 _aश्री रामकृष्ण शिवानन्द स्मृतिग्रन्थमाला; 38
942 _h/\2y7M74x, 152H9
_cTEXL
_2CC
999 _c307633
_d307633